Quizzes
Events
Quiz Creation
Community
Videos
Private Events
Remove Ads
Sign In
Join for FREE
Feedback
Dark Mode
Quiz Categories
Sports
Geography
Music
Movies
Television
Just For Fun
Miscellaneous
History
Literature
Language
Science
Gaming
Entertainment
Religion
Holiday
For Kids
Quiz Lab
Recent
Popular Today
Quiz Kudos Today
Editor Picks
Curator Picks
Quizzes by...
Day
Popularity
Type
Ratings
Length
Year
Community
Subscriptions
Recent Discussions
Orange Saloon
Badges
Playlists
Quests
Create
Leaderboards
Showdown
Live 5
Trivia Bingo
Activity
Puzzle Library
Sporcle Events
Private Events
Virtual Trivia
Globe League
Become a Host
Pub Owners
SporcleCon
Opinionation
Our Games
Videos
Blog
Mobile Apps
Partnerships
Remove Ads and Go Orange
Feedback
Music
Pop Music
The Beatles
Song
Album
Lyrics
Bands
Singers
Artist
Clip
Rock
Rap
Classical
Billboard
Country Music
Kpop
Taylor Swift
Music
Pop Music
The Beatles
Song
Album
Lyrics
Bands
Singers
Artist
Clip
Rock
Rap
Classical
Billboard
Country Music
Kpop
Taylor Swift
Random Quiz
Search Sporcle
×
Quiz Lab
Quiz Lab
Music
Kpop
Type in answers that appear in a list
Type in answers that appear in a list
Classic
Best Score? Go Orange.
Kpop logic quiz (STRAY KIDS, ATEEZ, THEBOYZ) Stats
Can you solve the KPOP LOGIC QUIZ (SKZ, ATEEZ, TBZ)?
By
Beyz
20m
28 Questions
12.1K Plays
12,057 Plays
12,057 Plays
Comments
Comments
Give Quiz Kudos
Give Quiz Kudos
-
- Ratings
hide this ad
More Info
Forced Order
Answers have to be entered in order
Answers have to be entered in order
Minefield
Wrong answers will end the quiz
Wrong answers will end the quiz
Wrong Answers
Some wrong answers will appear in red
Some wrong answers will appear in red
Replay
Link that replays current quiz
Next Quiz
Link to next quiz in quiz playlist
You Got
0%
They Got
Avg Score
11%
Avg Friend Score
Upgrade to see
Score Distribution
Jump to the score distribution portion of the page
Score
0/28
Timer
20:00
0
Plays Today
Box
Idol
% Correct
A1
???
100%
B2
???
19.2%
A2
???
14%
C5
???
13.8%
A5
???
13.8%
C2
???
13.7%
D7
???
12.8%
B5
???
12.1%
B1
???
10%
D5
???
9.9%
D2
???
9.3%
A7
???
8.1%
C4
???
8%
A4
???
7.8%
Box
Idol
% Correct
A6
???
7.4%
C1
???
7.4%
D1
???
7.4%
A3
???
7%
D3
???
6%
B4
???
6%
C6
???
5.9%
B7
???
5.3%
B3
???
5%
B6
???
4.8%
C3
???
4.8%
D4
???
4.5%
D6
???
4.2%
C7
???
3.1%
Quiz Playlist
Details
Report
Send in Message
Add To Playlist
More Info:
Hello, you have to write Juhaknyeon = Haknyeon
Classic:
Type in answers that appear in a list
Forced Order:
Answers have to be entered in order
Minefield:
Wrong answers will end the quiz
Wrong Answers:
Some wrong answers will appear in red
Last Updated: May 7, 2021
Quiz Scoreboard
CHALLENGE
Sign Up to Join the Scoreboard
Show All
Scores
Hide
Comments
May contain spoilers
Recently Published
An Introduction to Baseball
by treessimontrees
Sports
5m
Movies - When Are They Set?
by FPL_Elf
Movies
5m
Popular People in 1961
by mucciniale
History
6m
More to Explore
Quiz From the Vault
Featured Blog Post
Where Did the Easter Bunny Come From?
hide this ad
You Might Also Like...
Tags
Kpop Quiz
Kpop Audio
Kpop Group
Kpop Idol
Kpop Lyrics
Kpop Quiz
Kpop Songs
punk-pop
Today's Top Quizzes in Music
Browse Music
hide this ad
Today's Top Quizzes in Kpop
Browse Kpop
Top Contributed Quizzes in Music
1
Taylor Swift All Songs (2024)
2
2010s Album by Cover III
3
Guess the Artist- 70s Songs
4
One Thing in Common: Music
5
Taylor Swift Logic Puzzle
6
Guess the Taylor Swift song (Mystery Song)
7
2010s Album by Cover IV
8
2010s Album by Cover V
9
KPOP LOGIC QUIZ
10
Kpop Logic Quiz
Explore More
Trending Topics
Marvel
Disney
Kpop
Anime
Harry Potter
Crossword
NBA
WWE
NFL
Country
Puzzle
Song
The Office
Pokémon
Soccer
hide this ad
More By:
Beyz
Quiz
Plays
Rating
Category
Featured
Created
Hype Kpop Logic Quiz (ENHYPEN, TXT, BTS)
20,799
1.83
Music
May 7, 2021
Kpop logic quiz (STRAY KIDS, ATEEZ, THEBOYZ)
12,057
1.33
Music
Feb 12, 2021
NCT Logic Quiz (OT21)
9,789
2.56
Music
Jan 9, 2021
ENHYPEN Crossword
5,875
3.29
Music
May 6, 2021
SM Ent. Kpop Logic Quiz (EXO, NCT, Shinee, Red Velvet)
4,910
2.45
Music
Aug 22, 2021
Go to Creator's Profile
Score Distribution
Quiz Creator Spotlight
Beyz
Follow
Send a Message
Quizzes Created
-
Created Quiz Play Count
-
More By This Creator
Popular Quizzes Today
1
Find the Countries of Europe - No Outlines Minefield
2
Find the US States - No Outlines Minefield
3
The Countries of the World
4
Popular People in 1961
5
US States
6
1-10 Letter E Words III
7
Find the US States
8
One Thing in Common: World Cities II
More Music Quizzes
Weird Al Parodies
Published
Trending Quizzes
Risky Map Clicking: Least Populous States A-Z
1-10 Letter F Words
1-10 Letter G Words
One Thing in Common: United Kingdom
Risky Map Clicking: Next State Alphabetically
Recently Updated
Leaping Animals
pecheneg
Reality TV Shows (A-Z)
bhenderson79
Rickey Henderson's Hall of Fame Teammates
pecheneg
Champions League XIs: Arsenal
pecheneg
Quick Pick: Celebrities in WWE's Hall of Fame
aduchscher
A-Z Keypad Blitz II
pecheneg
Multiple Oscar Actors
pecheneg
Mystery Phrase Blitz: Oscar 'Best Actors'
pecheneg
F. Scott Fitzgerald Novels
LTH
Pick 3 Villains
ddd62291
Trending Topics
Kpop
NBA
Crossword
Disney
Anime
Marvel
Harry Potter
WWE
Country
NFL
The Office
Soccer
Song
Pokémon
Puzzle
Your Account Isn't Verified!
In order to create a playlist on Sporcle, you need to verify the email address you used during registration. Go to your
Sporcle Settings
to finish the process.
Report this User
Report this user for behavior that violates our
Community Guidelines
.
Details:
Send Report
Go to the Sporcle.com Mobile Site →
Comments